| 000 | 00629nam a2200253Ia 4500 | ||
|---|---|---|---|
| 003 | AR-RoIUNI | ||
| 005 | 20241122062812.0 | ||
| 008 | 150616s9999 xx 000 0 und d | ||
| 040 | _cIUNIR | ||
| 040 |
_dOCLC _cIUNIR |
||
| 080 | _a617.5 COO | ||
| 100 | 1 |
_aCooper, Philip _9433 |
|
| 245 | 1 |
_aEl oficio de la cirugia _ntomo 1 |
|
| 245 | _cRousselot, Louis M.; prologo.- Morel, Clemente; prologo | ||
| 250 | _a1a. ed. | ||
| 260 | _aBuenos Aires | ||
| 260 | _bLibreros Lopez Editores | ||
| 260 | _c1972 | ||
| 300 | _a531 p. | ||
| 300 | _c32 cm. | ||
| 650 | 1 | 0 |
_aMedicina _958 |
| 650 | 1 | 0 |
_aCirugĂa _978 |
| 942 |
_cBK _2cdu |
||
| 999 |
_c273 _d273 |
||